[Event "ch-FRA w 2012"]
[Site "Pau FRA"]
[Date "2012.08.14"]
[Round "1"]
[White "Milliet,S"]
[Black "Maisuradze,N"]
[Result "1/2-1/2"]
[WhiteElo "2411"]
[BlackElo "2284"]

1.e4 c5 2.Nf3 Nc6 3.Nc3 e5 4.Bc4 Be7 5.d3 d6 6.O-O Nf6 7.Ng5 O-O 8.f4 Bg4
9.Qe1 exf4 10.Bxf4 Nd4 11.Qd2 Qd7 12.a4 h6 13.Nf3 Nxf3+ 14.gxf3 Be6 15.Kh1 Kh7
16.Qe2 a6 17.Bd2 Rae8 18.Bxe6 Qxe6 19.f4 d5 20.e5 Nd7 21.Qg2 d4 22.Nd5 Qg6
23.Qxg6+ Kxg6 24.b4 Kf5 25.Rab1 Bd8 26.bxc5 Nxc5 27.Bb4 b6 28.a5 Ke6 29.Nxb6 Bxb6
30.axb6 Kd5 31.Ra1 Rb8 32.Bxc5 Kxc5 33.Rxa6 Rxb6 34.Rxb6 Kxb6 35.Rb1+ Kc6
36.Kg2 f6 37.e6 f5 38.Kf3 g5 39.fxg5 hxg5 40.Rg1 g4+ 41.Kf4 Kd6 42.Re1 Ke7
43.Re5 Rc8 44.Re2 Rc5 45.Kg3 Rc6 46.Re5 Rxc2 47.Rxf5 Kxe6 48.Rf4 Kd5 49.Kxg4 Rxh2
50.Rf5+ Ke6 51.Rf4 Ke5 52.Rf5+ Ke6 53.Rf4 Ke5 54.Rf5+ Ke6  1/2-1/2

[Event "XIII Miquel Mas Open"]
[Site "Figueres ESP"]
[Date "2012.08.15"]
[Round "8.2"]
[White "Vishnu,P"]
[Black "Martinez Duany,L"]
[Result "1/2-1/2"]
[WhiteElo "2435"]
[BlackElo "2476"]

1.e4 c5 2.Nf3 Nc6 3.Nc3 g6 4.d4 cxd4 5.Nxd4 Bg7 6.Be3 Nf6 7.Bc4 Qa5 8.O-O O-O
9.Bb3 d6 10.h3 Bd7 11.Re1 Rfe8 12.Nf3 Rac8 13.Qd2 Qh5 14.Bf4 Ne5 15.Nxe5 dxe5
16.Be3 a6 17.f3 Bc6 18.Rad1 e6 19.Kh2 h6 20.g4 Qh4 21.Bf2 Qg5 22.Qxg5 hxg5
23.Be3 Nh7 24.Na4 Bf6 25.Nb6 Rcd8 26.a4 Nf8 27.a5 Rxd1 28.Rxd1 Rd8 29.c3 Rxd1
30.Bxd1 Bd8 31.b4 f6 32.Kg2 Kf7 33.Bc2 Nd7 34.Nc8 Nb8 35.Bd3 Bc7 36.Kf2 Ba4
37.Nb6 Bd1 38.Be2 Bxe2 39.Kxe2 Ke8 40.Kd3 Nd7 41.Nxd7 Kxd7 42.Kc4 Bd8 43.Bc5 Bc7
44.Kb3 Bd8 45.Ka4 Bc7 46.c4 Bd6 47.Bb6 Be7 48.b5 Bf8 49.Be3 Be7 50.Ba7 Bf8
51.Bb6 Bd6 52.c5 axb5+ 53.Kxb5 Be7 54.c6+ bxc6+ 55.Kc4 Kc8 56.a6 Ba3 57.Bd8 Kb8
58.Bxf6 Ka7 59.Bxg5 Kxa6 60.h4 Kb7 61.h5 gxh5 62.gxh5 Kc7 63.Bf6 Bf8 64.Bxe5+ Kd7
65.Bd4 Ke8 66.Bc5 Bh6 67.Kd4 Bg7+ 68.e5 Bh6 69.Ke4 Bc1 70.f4 Kf7 71.Be3 Ba3
72.f5 Bf8 73.h6 c5 74.fxe6+ Kxe6 75.h7 Bg7 76.Bxc5 Kf7 77.e6+ Kxe6 78.Bd4 Kf7
79.h8=Q Bxh8 80.Bxh8  1/2-1/2

[Event "XIII Miquel Mas Open"]
[Site "Figueres ESP"]
[Date "2012.08.15"]
[Round "8.7"]
[White "Forcen Esteban,D"]
[Black "Roy Chowdhury,S"]
[Result "0-1"]
[WhiteElo "2440"]
[BlackElo "2391"]

1.e4 c5 2.Nc3 Nc6 3.Nf3 e5 4.Bc4 d6 5.d3 Be7 6.Nd2 Nf6 7.Nf1 Bg4 8.f3 Be6
9.Ne3 O-O 10.O-O a6 11.a4 Nb4 12.Qe2 Ne8 13.Ncd5 Nxd5 14.Bxd5 Bxd5 15.Nxd5 Nc7
16.Nb6 Rb8 17.f4 exf4 18.Bxf4 Ne6 19.Nd5 Bg5 20.Bg3 Bh4 21.Qg4 Bxg3 22.Qxg3 Kh8
23.Rf5 f6 24.Raf1 Nd4 25.R5f2 Qd7 26.c3 Ne6 27.Rf5 Rfe8 28.Nb6 Qc6 29.a5 Rbd8
30.Rh5 Nf8 31.Rh4 Qc7 32.Nc4 Re6 33.Rf5 Qf7 34.Qh3 h6 35.Rg4 Nh7 36.Qg3 g5
37.Qf3 Qe8 38.Rd5 Qa4 39.h4 Qe8 40.Qf5 Qe7 41.Rg3 Rf8 42.Qg4 f5 43.Rxf5 Rxf5
44.Qxf5 Rf6 45.Qd5 Qf8 46.hxg5 Rf1+ 47.Kh2 Qf2 48.Rf3 Qh4+ 49.Rh3 Qf4+ 50.Rg3 Qh4+
51.Rh3 Qe1  0-1

[Event "2nd Metropolitan International"]
[Site "Los Angeles USA"]
[Date "2012.08.15"]
[Round "2"]
[White "Shytaj,L"]
[Black "Vibbert,Sean"]
[Result "1-0"]
[WhiteElo "2486"]
[BlackElo "2240"]

1.e4 c5 2.Nf3 Nc6 3.Nc3 d6 4.d4 cxd4 5.Nxd4 Nf6 6.Bg5 e6 7.Qd2 Be7 8.O-O-O Nxd4
9.Qxd4 O-O 10.f4 Qa5 11.Be2 Bd7 12.h4 Bc6 13.Rh3 Qc5 14.Qxc5 dxc5 15.e5 Nd5
16.Nxd5 Bxg5 17.hxg5 Bxd5 18.Bf3 Rfd8 19.Bxd5 Rxd5 20.Rdh1 Rad8 21.Rxh7 Kf8
22.b3 g6 23.g4 Ke7 24.Rf1 Rf8 25.c4 Rd7 26.f5 exf5 27.gxf5 gxf5 28.Rxf5 Ke6
29.Rf6+ Kxe5 30.Rh1 Rd3 31.Re1+ Kd4 32.Kc2 Rc3+ 33.Kb2 Re3 34.Rxe3 Kxe3 35.g6 b6
36.Rxf7 Rh8 37.Rxa7 Rh6 38.g7 Rg6 39.Rd7 Ke4 40.Ka3 Rg2 41.Ka4 Rxa2+ 42.Kb5 Rg2
43.Kxb6 Rg5 44.Kc6 Ke3 45.Kc7  1-0

[Event "Stare Mesto Open 2012"]
[Site "Stare Mesto CZE"]
[Date "2012.08.15"]
[Round "7.8"]
[White "Svoboda,V2"]
[Black "Rabatin,J"]
[Result "1/2-1/2"]
[WhiteElo "2364"]
[BlackElo "2199"]

1.e4 c5 2.Nf3 Nc6 3.Nc3 d6 4.d4 cxd4 5.Nxd4 Nf6 6.Bc4 e6 7.Bb3 Be7 8.O-O O-O
9.f4 Qc7 10.Kh1 a6 11.f5 Nxd4 12.Qxd4 Bd7 13.Bg5 b5 14.Rad1 Rad8 15.fxe6 fxe6
16.a4 Kh8 17.axb5 axb5 18.Qd3 Qc5  1/2-1/2

[Event "87th ch-FRA 2012"]
[Site "Pau FRA"]
[Date "2012.08.17"]
[Round "5"]
[White "Edouard,R"]
[Black "Lagarde,Max"]
[Result "1-0"]
[WhiteElo "2652"]
[BlackElo "2505"]

1.e4 c5 2.Nc3 Nc6 3.Nge2 Nf6 4.d4 cxd4 5.Nxd4 d6 6.Bg5 e6 7.Qd2 Be7 8.O-O-O Qb6
9.Bxf6 Bxf6 10.Nxc6 bxc6 11.Na4 Qb7 12.Qxd6 Be7 13.Qd4 O-O 14.Bc4 Qc7 15.Nc5 Qa5
16.Nd3 Rb8 17.Rhe1 c5 18.Qc3 Qc7 19.f4 Rd8 20.g3 Bb7 21.Nf2 Rd4 22.Bb3 Qb6
23.f5 Rbd8 24.Rxd4 Rxd4 25.fxe6 fxe6 26.Rd1 Bg5+ 27.Kb1 Bf6 28.e5 Bxe5 29.Re1 Qd6
30.Qe3 Bf6 31.Bxe6+ Kh8 32.c3 Rd2 33.Bb3 g6 34.Qe8+ Kg7 35.Qf7+ Kh6 36.Ng4+ Kg5
37.Nxf6  1-0

[Event "EY Boys U16 2012"]
[Site "Prague CZE"]
[Date "2012.08.17"]
[Round "1.19"]
[White "Meng,R"]
[Black "Munteanu,A"]
[Result "1-0"]
[WhiteElo "2291"]
[BlackElo "1982"]

1.e4 c5 2.Nc3 Nc6 3.Bb5 g6 4.Bxc6 dxc6 5.d3 Bg7 6.Be3 b6 7.Qd2 e6 8.Nge2 Ne7
9.Bh6 Bf6 10.O-O-O Qc7 11.h4 Bb7 12.h5 O-O-O 13.Bg5 Bxg5 14.Qxg5 Kb8 15.hxg6 Nxg6
16.Rh5 h6 17.Rxh6 Rxh6 18.Qxh6 Qe5 19.Qe3 Rh8 20.f4 Qg7 21.Qg3 Qh6 22.Kb1 Qh4
23.Qxh4 Rxh4 24.g3 Rh2 25.Kc1 Bc8 26.Kd2 f5 27.e5 Kc7 28.Rg1 Bd7 29.Nd1 Be8
30.Ne3 Kd8 31.Nf1 Rh3 32.Rg2 Ne7 33.Rh2 Rxh2 34.Nxh2 Bh5 35.c4 Ng8 36.Nc3 Ke7
37.Nf1 Nh6 38.Ne3 Kd7 39.a3 Ng8 40.b4 cxb4 41.axb4 Kc7 42.d4 Kd7 43.d5 Ne7
44.Kd3 Bf3 45.dxc6+ Nxc6 46.b5 Nd8 47.Na4 Nb7 48.Kd4 Be2 49.c5 Kc7 50.Nc4 Bxc4
51.Kxc4 Nd8 52.Nc3 Nb7 53.Na4 Nd8 54.c6 Nf7 55.Nc3 Nd8 56.Ne2 Kc8 57.Nd4 Kc7
58.Kd3 Kc8 59.Ke3 Kc7 60.Kf3 a6 61.bxa6 Nxc6 62.Nxe6+ Kb8 63.Ke3 Ka7 64.Nc7 Kb8
65.Nb5 Nb4 66.e6  1-0

[Event "LBV Open A 2012"]
[Site "Roosendaal NED"]
[Date "2012.08.17"]
[Round "3.39"]
[White "Van de Wynkele,E"]
[Black "Nikulina,A"]
[Result "1/2-1/2"]
[WhiteElo "2013"]
[BlackElo "2047"]

1.e4 c5 2.Nc3 Nc6 3.Bb5 g6 4.Bxc6 bxc6 5.f4 d5 6.d3 Bg7 7.Nf3 e6 8.O-O Ba6
9.e5 Ne7 10.b3 h5 11.Na4 c4 12.dxc4 Qa5 13.Bd2 Qc7 14.Qe1 c5 15.Qf2 Rc8 16.Be3 d4
17.Bd2 Nf5 18.Rae1 h4 19.Nb2 Bb7 20.Nd3 Qc6 21.Re2 h3 22.g4 Nh4 23.Nde1 Bf8
24.Qg3 Be7 25.a4 Nxf3+ 26.Nxf3 Rd8 27.g5 d3 28.cxd3 Rxd3 29.Re3 Rxe3 30.Bxe3 Qe4
31.Nd2 Qh1+ 32.Kf2 Qg2+ 33.Qxg2 hxg2 34.Rg1 Rxh2 35.Kg3 Rh1 36.Nf3 Rxg1 37.Bxg1 Kd7
38.Kxg2 Be4 39.Kf2 Bd8 40.Ke2 Kc6 41.Ne1 Bb1 42.Kd1 Ba5 43.Ng2 Be4 44.Ne3 Bf3+
45.Kc2 Be1 46.Bh2 Bf2 47.Nf1 Kb6 48.Bg3 Bg1 49.Kd3 Bd1 50.Nd2 Bd4 51.Be1 Bg1
52.a5+ Kc6 53.Ne4 Bxb3 54.Nd6 Ba2 55.Bd2 Bb1+ 56.Kc3 Bd4+ 57.Kb3 Bd3 58.Nxf7 Be2
59.Nd6 Bd1+ 60.Ka2 Be2 61.Kb1 Bf2 62.Kc2 Bd4 63.Bc1 Bf2 64.Kd2 Bf1 65.Ne4 Bd4
66.Nd6 Bf2 67.Ba3 Bg3 68.Ke3 Be1 69.a6 Ba5 70.Nc8 Kd7 71.Nd6 Kc6 72.Ne4 Bxc4
73.Bxc5 Bxa6 74.Bxa7 Bb4 75.Nf6 Ba3 76.Nh7 Kd7 77.Bd4 Bb7 78.Nf6+ Ke7 79.Kf2 Bc1
80.Bc5+ Kf7 81.Ng4  1/2-1/2

[Event "2nd Split Open 2012"]
[Site "Split CRO"]
[Date "2012.08.17"]
[Round "7.22"]
[White "Torres Sanchez,J"]
[Black "Karabaic,I"]
[Result "1-0"]
[WhiteElo "2278"]
[BlackElo "2148"]

1.e4 c5 2.Nf3 Nc6 3.Nc3 Nf6 4.d4 cxd4 5.Nxd4 e5 6.Ndb5 d6 7.Bg5 a6 8.Na3 b5
9.Nd5 Be7 10.Bxf6 Bxf6 11.c4 b4 12.Nc2 a5 13.Bd3 Bg5 14.h4 Bh6 15.Qf3 Ne7
16.Nde3 Rb8 17.O-O O-O 18.b3 Kh8 19.Rfd1 g6 20.h5 f5 21.hxg6 hxg6 22.c5 fxe4
23.Qxe4 Rf4 24.cxd6 Rxe4 25.dxe7 Qxe7 26.Bxe4 Kg7 27.Rd2 Qh4 28.Bc6 Bf5 29.Re1 Rc8
30.Rd6 Bxc2 31.Nxc2 Rf8 32.g3 Qh5 33.Be4 Rf6 34.Rd5 Qg4 35.Kg2 Qc8 36.Rxa5 Bd2
37.Re2 Bc3 38.Ne3 Bd4 39.Nd5 Rf8 40.Rc2 Qg4 41.f3 Qe6 42.Rc7+ Rf7 43.Rc4 Rd7
44.Rxb4 Ra7 45.Rxa7+ Bxa7 46.Rb7+ Kh6 47.Rxa7 Qc6 48.Ne3 Qc1 49.Ng4+ Kg5
50.Rg7 Qd2+ 51.Kh3 Qd8 52.Rxg6+  1-0

[Event "2nd Split Open 2012"]
[Site "Split CRO"]
[Date "2012.08.17"]
[Round "7.41"]
[White "Majer,C"]
[Black "Fernandez Gil,M"]
[Result "1/2-1/2"]
[WhiteElo "2015"]
[BlackElo "2280"]

1.e4 c5 2.Nc3 Nc6 3.Bb5 Nd4 4.Bc4 e6 5.Nge2 Nf6 6.d3 a6 7.a4 d5 8.exd5 exd5
9.Ba2 Ne6 10.Nf4 Nxf4 11.Bxf4 Be7 12.Qf3 Be6 13.O-O Qd7 14.h3 O-O 15.Rfe1 b5
16.Bg5 Rad8 17.a5 h6 18.Bh4 Rfe8 19.Rad1 b4 20.Bxf6 Bxf6 21.Nxd5 Bxd5 22.Rxe8+ Qxe8
23.Bxd5 Bxb2 24.Bc4 Rd6 25.Qe3 Qxe3 26.fxe3 Kf8 27.Rf1 f6 28.Kf2 Ke7 29.Ke2 Be5
30.Kd2 h5 31.Rf5 g6 32.Rf1 f5 33.Ke2 Rf6 34.Kf2 g5 35.Ke2 h4 36.e4 f4 37.Kf3 Rd6
38.Re1 Kf6 39.Rh1 Kg6 40.Rf1 Rf6 41.Kg4 Bc7 42.Kf3 Kh5 43.Ra1 Be5 44.Rh1  1/2-1/2

[Event "11th Lichtenberger Sommer 2012"]
[Site "Berlin GER"]
[Date "2012.08.18"]
[Round "1.2"]
[White "Deutschbein,Christopher"]
[Black "Teske,H"]
[Result "0-1"]
[WhiteElo "2049"]
[BlackElo "2537"]

1.e4 c5 2.Nc3 Nc6 3.Bb5 Na5 4.f4 e6 5.Nf3 a6 6.Be2 b5 7.O-O b4 8.Nb1 d5 9.d3 Bb7
10.Nbd2 Nh6 11.h3 c4 12.g4 c3 13.bxc3 bxc3 14.Nb3 Nxb3 15.axb3 dxe4 16.dxe4 Qb6+
17.Kh2 Bxe4 18.Ne5 Rd8 19.Rxa6 Qb8 20.Bd3 Bxd3 21.Nxd3 Bd6 22.Qf3 O-O 23.Ba3 Bxa3
24.Rxa3 f5 25.g5 Nf7 26.Kg2 e5 27.Nxe5 Nxe5 28.fxe5 Qxe5 29.Ra4 Rd2+ 30.Rf2 f4
31.h4 Qe3 32.Re4 Rxf2+  0-1

[Event "TATA 14th IBCA Olympiad"]
[Site "Chennai IND"]
[Date "2012.08.18"]
[Round "8.1"]
[White "Yuvarlak,U"]
[Black "Deville,O"]
[Result "1-0"]
[WhiteElo "1910"]
[BlackElo "1976"]

1.e4 c5 2.Nc3 Nc6 3.Bb5 Nd4 4.Bc4 g6 5.Nge2 Bg7 6.Nxd4 cxd4 7.Qf3 e6 8.Nb5 d6
9.Qa3 Be5 10.d3 d5 11.f4 Bb8 12.exd5 exd5 13.Bb3 Qb6 14.O-O Ne7 15.Re1 Be6
16.f5 Nxf5 17.Bg5 Nd6 18.Rxe6+ fxe6 19.Rf1 Rf8 20.Nxd6+ Qxd6 21.Ba4+  1-0

[Event "EY Girls U16 2012"]
[Site "Prague CZE"]
[Date "2012.08.19"]
[Round "3.2"]
[White "Imnadze,N"]
[Black "Osmanodja,F"]
[Result "1-0"]
[WhiteElo "2030"]
[BlackElo "2199"]

1.e4 c5 2.Nc3 Nc6 3.Bb5 Nd4 4.Bc4 e6 5.Nge2 Nf6 6.O-O a6 7.d3 b5 8.Bb3 Nxb3
9.axb3 Bb7 10.f4 d5 11.e5 d4 12.exf6 dxc3 13.f5 gxf6 14.fxe6 fxe6 15.Nf4 Qd4+
16.Rf2 O-O-O 17.bxc3 Qd7 18.Qg4 f5 19.Qe2 Bg7 20.Bd2 Rhe8 21.Re1 e5 22.Nh5 f4
23.Nxg7 Qxg7 24.Qh5 Re7 25.d4 Rg8 26.Qh3+ Kd8 27.dxe5 f3 28.g3 Rxe5 29.Rxe5 Qxe5
30.Qxh7 Bd5 31.Qh4+ Kc8 32.Qf4 Qe6 33.Qe3 Qc6 34.Qf4 c4 35.b4 Re8 36.Kf1 Qg6
37.Bc1 Qe6 38.Bd2 Qh3+ 39.Kg1 Qh7 40.Qg4+ Kb7 41.Qd4 Qf5 42.Be3 Qe6 43.Rd2 Qxe3+
44.Qxe3 Rxe3 45.Rxd5 Rxc3 46.Rd2 a5 47.bxa5 b4 48.h4 b3 49.cxb3 Rd3 50.a6+ Ka7
51.Ra2 cxb3 52.Ra4 Rd6 53.Kf2 Rxa6 54.Rb4 Rb6 55.Ra4+ Ra6 56.Rb4 Rb6 57.Ra4+ Kb7
58.Ra1 b2 59.Rb1 Rb3 60.h5 Kc6 61.h6 Kd5 62.h7 Rb8 63.Kxf3 Rh8 64.Rxb2 Ke6
65.Rh2 Kf5 66.Rh5+ Kf6 67.Kf4 Kg6 68.Kg4 Kf6 69.Rh6+ Kg7 70.Kg5 Kf7 71.g4 Kg7
72.Rg6+ Kf7 73.Kh6 Kf8 74.Rg7  1-0

[Event "EY Boys U14 2012"]
[Site "Prague CZE"]
[Date "2012.08.19"]
[Round "3.25"]
[White "Msellek,I"]
[Black "Molnar,Erno"]
[Result "1-0"]
[WhiteElo "2173"]
[BlackElo "1919"]

1.e4 c5 2.Nc3 Nc6 3.Bb5 Nd4 4.Bc4 e6 5.Nge2 a6 6.d3 b5 7.Bb3 Nxb3 8.axb3 Bb7
9.O-O Nf6 10.f4 Be7 11.Kh1 O-O 12.Qe1 d5 13.e5 Nd7 14.d4 Rc8 15.Qg3 Kh8 16.Be3 c4
17.f5 cxb3 18.cxb3 b4 19.Na4 Rc2 20.Qg4 exf5 21.Rxf5 Bc8 22.Qf3 g6 23.Rf4 Bg5
24.Re1 Bxf4 25.Nxf4 Bb7 26.Qh3 Kg8 27.Nd3 Qe7 28.Bh6 Re8 29.Nf4 f5 30.Qg3 Rec8
31.Nd3 a5 32.Bg5 Qe8 33.e6 Nb8 34.Ndc5 Ba6 35.Qe5 Nc6 36.Qxd5 Be2 37.Nb6 Rb8
38.Nbd7 Kh8 39.Qxc6 Rb6 40.Qxb6 Bf3 41.gxf3 Qa8 42.Kg1 h6 43.Bf6+ Kh7 44.Qc7 Qxf3
45.Nf8+  1-0

[Event "12th Brasschaat Open"]
[Site "Brasschaat BEL"]
[Date "2012.08.20"]
[Round "3.1"]
[White "Dgebuadze,A"]
[Black "Schneider,HansP"]
[Result "1-0"]
[WhiteElo "2556"]
[BlackElo "2130"]

1.e4 c5 2.Nc3 Nc6 3.Nge2 g6 4.d4 cxd4 5.Nxd4 Bg7 6.Nb3 Nf6 7.Be2 O-O 8.O-O d6
9.Bg5 Be6 10.Re1 Rc8 11.Bf1 a6 12.h3 Re8 13.Nd5 Bxd5 14.exd5 Ne5 15.c3 Nc4
16.Bxc4 Rxc4 17.Qd3 Rc7 18.Re2 Nd7 19.Rae1 Ne5 20.Qd1 Kf8 21.Re4 h6 22.Be3 Nc4
23.Bc1 Ne5 24.Qe2 Nd7 25.Qf3 Nf6 26.Rh4 g5 27.Rd4 Nd7 28.h4 Bxd4 29.Nxd4 Nf6
30.hxg5 hxg5 31.Bxg5 Qd7 32.Nf5 Rc4 33.Qh3 Kg8 34.Bxf6  1-0

[Event "EY Boys U18 2012"]
[Site "Prague CZE"]
[Date "2012.08.20"]
[Round "4.8"]
[White "Van Overdam,Jul"]
[Black "Anton Guijarro,D"]
[Result "0-1"]
[WhiteElo "2273"]
[BlackElo "2526"]

1.e4 c5 2.Nc3 Nc6 3.Bb5 Nd4 4.Bc4 a6 5.d3 e6 6.Nge2 b5 7.Bb3 Nc6 8.O-O Nf6
9.Bg5 Be7 10.f4 Ng4 11.Bxe7 Nxe7 12.Qe1 c4 13.dxc4 bxc4 14.Ba4 Qb6+ 15.Kh1 O-O
16.h3 Nf6 17.e5 Nfd5 18.Nxd5 Nxd5 19.Nc3 Ne3 20.Qf2 Rb8 21.Rfe1 Nf5 22.Qxb6 Rxb6
23.Kh2 Bb7 24.Rad1 Rd8 25.Bxd7 Rxb2 26.Bc6 Rb8 27.Bxb7 R2xb7 28.g4 Ne7 29.Rd4 Rc8
30.Red1 h6 31.Kg3 Rb2 32.R1d2 g5 33.fxg5 hxg5 34.h4 gxh4+ 35.Kxh4 Ng6+ 36.Kg5 Kg7
37.Re4 Nxe5 38.Rxe5 f6+ 39.Kf4 fxe5+ 40.Kxe5 Rb6 41.Na4 Rbc6 42.Rd7+ Kg6
43.Re7 c3 44.a3 Kg5 45.Rg7+ Kh4 46.g5 Rf8 47.g6 Rf5+ 48.Kd4 Rf4+ 49.Ke5 Rxa4
50.Rh7+ Kg3 51.g7 Rg4 52.Kf6 e5+ 53.Kf7 Rcg6  0-1

[Event "EY Boys U16 2012"]
[Site "Prague CZE"]
[Date "2012.08.20"]
[Round "4.45"]
[White "De Vleeschauwer,M"]
[Black "Melichar,Vojtech"]
[Result "1-0"]
[WhiteElo "1996"]
[BlackElo "1737"]

1.e4 c5 2.Nc3 Nc6 3.Bb5 Nd4 4.Bc4 e6 5.Nge2 Nf6 6.O-O a6 7.d3 b5 8.Bb3 Nxb3
9.axb3 Bb7 10.Bg5 Be7 11.f4 d6 12.f5 b4 13.Nb1 O-O 14.Ng3 e5 15.Nh5 d5 16.Bxf6 Bxf6
17.Qg4 Kh8 18.Nd2 dxe4 19.Nxe4 Bxe4 20.dxe4 Qb6 21.Kh1 Rad8 22.Qe2 Rd6 23.Nxf6 Rxf6
24.Rfd1 Rc6 25.Rd5 f6 26.Rad1 Qb5 27.Qg4 Rc7 28.h3 a5 29.Rd8 Rf7 30.Qf3 Kg8
31.R8d5 Rc7 32.Qe3 Rfc8 33.Qd2 Kf8 34.Rd8+ Kf7 35.Qd5+ Ke7 36.Qe6+  1-0

[Event "EY Girls U16 2012"]
[Site "Prague CZE"]
[Date "2012.08.20"]
[Round "4.17"]
[White "Bellaiche,E"]
[Black "Foster,Chantelle L"]
[Result "1-0"]
[WhiteElo "1992"]
[BlackElo "1824"]

1.e4 c5 2.Nc3 Nc6 3.Bb5 Nd4 4.Bc4 e6 5.Nge2 a6 6.Nxd4 cxd4 7.Ne2 b5 8.Bb3 Qb6
9.d3 g6 10.O-O Bg7 11.Kh1 Ne7 12.f4 O-O 13.Qe1 f5 14.e5 Bb7 15.Qf2 Nc6 16.c3 a5
17.Nxd4 a4 18.Bd1 Nxd4 19.Be3 Qc7 20.Bxd4 Rfc8 21.Bb6 Qb8 22.Bc5 Bf8 23.Bxf8 Rxf8
24.Bf3 Bxf3 25.Qxf3 Qc7 26.d4 a3 27.b3 Rac8 28.Rac1 Qc6 29.Qd3 Qa6 30.Rfd1 d5
31.exd6 Qxd6 32.Qe3 Rfd8 33.h3 Rd7 34.c4 bxc4 35.Rxc4 Rxc4 36.bxc4 Qa6 37.c5 Qc4
38.d5 Re7 39.d6 Rd7 40.Qxa3 Qxf4 41.c6 Rd8 42.c7 Rf8 43.d7 Qxc7 44.Qxf8+ Kxf8
45.d8=Q+ Qxd8 46.Rxd8+  1-0

[Event "e2e4 Gatwick Masters B 2012"]
[Site "Crawley ENG"]
[Date "2012.08.21"]
[Round "7.4"]
[White "Michielsen,J"]
[Black "Burke,Steven J"]
[Result "1-0"]
[WhiteElo "2367"]
[BlackElo "2041"]

1.e4 c5 2.Nf3 Nc6 3.Nc3 d6 4.d4 cxd4 5.Nxd4 e5 6.Nf5 a6 7.Nd5 Bxf5 8.exf5 Nf6
9.Bc4 Nxd5 10.Bxd5 Qa5+ 11.c3 Ne7 12.Bxb7 Rb8 13.Be4 d5 14.Bc2 f6 15.O-O g6
16.c4 dxc4 17.fxg6 hxg6 18.Qg4 Qc7 19.Qe6 e4 20.Ba4+ Rb5 21.g3 Qc6 22.Qxc6+ Nxc6
23.Bxb5 axb5 24.Be3 Ne5 25.Kg2 Bd6 26.a4 b4 27.a5 Nf3 28.h3 Be5 29.a6 Kd7
30.a7 Ra8 31.Ra4 Bd6 32.Rd1 Ne5 33.Rxb4 Nd3 34.Rxc4 Nxb2 35.Rxd6+ Kxd6 36.Rxe4 Kd5
37.Rd4+ Ke5 38.Rb4 Nd1 39.Bd4+  1-0

[Event "12th World Uni Men"]
[Site "Guimaraes POR"]
[Date "2012.08.21"]
[Round "3.10"]
[White "Gaehler,M"]
[Black "Nayan,A"]
[Result "1/2-1/2"]
[WhiteElo "2302"]
[BlackElo "2085"]

1.e4 c5 2.Ne2 Nc6 3.Nbc3 g6 4.g3 Bg7 5.Bg2 e6 6.d3 a6 7.Be3 d6 8.O-O Nge7
9.d4 cxd4 10.Nxd4 Ne5 11.Qe2 Qc7 12.Rad1 O-O 13.a4 Bd7 14.Bg5 Nc8 15.f4 Nc4
16.f5 Nxb2 17.f6 Bh8 18.Qf3 Nxd1 19.Nxd1 e5 20.Nf5 Bxf5 21.exf5 Nb6 22.Ne3 Rfe8
23.fxg6 hxg6 24.h4 e4 25.Qg4 Qc8 26.Nf5 Re5 27.Bxe4 Qe6 28.Ne7+ Kf8 29.Bh6+ Ke8
30.Qxe6 Rxe6 31.Bxb7 Bxf6 32.Bxa8 Kxe7 33.Bb7 Nxa4 34.Bxa6 Nc3 35.Bd3 Bd4+
36.Kg2 Be3 37.Bg7 Bd2 38.Bd4 Ne2 39.Bb6 Bb4 40.Rf2 Nc3 41.Bd4 d5 42.g4 Ne4
43.Re2 Bc5 44.Bb2 f5 45.gxf5 gxf5 46.Kf3 Rh6 47.Rh2 Bd6 48.Rh1 Rh5 49.Bc1 Kf6
50.c4  1/2-1/2

[Event "12th ch-Euro Seniors"]
[Site "Kaunas LTU"]
[Date "2012.08.21"]
[Round "4.1"]
[White "Balashov,Y"]
[Black "Barle,J"]
[Result "1-0"]
[WhiteElo "2450"]
[BlackElo "2382"]

1.e4 c5 2.Nf3 Nc6 3.Nc3 e5 4.Bc4 Be7 5.d3 Nf6 6.h3 d6 7.Nh2 Na5 8.Ng4 Nxc4
9.Nxf6+ gxf6 10.dxc4 f5 11.Qf3 f4 12.b3 Be6 13.Bb2 Qd7 14.O-O-O O-O-O 15.Nd5 Bxd5
16.Rxd5 f6 17.g3 fxg3 18.fxg3 Rdg8 19.Bc3 Rg6 20.Bd2 h5 21.Rd3 Kb8 22.Qf5 Qxf5
23.exf5 Rg7 24.Kd1 Rhg8 25.Be1 Rg5 26.Rf1 Kc7 27.Ke2 Kc6 28.a4 Rd8 29.Bd2 Rg7
30.Rd1 Rdg8 31.Kf2 Rd8 32.Kf3 Rdg8 33.Rg1 a6 34.Ke4 Rb8 35.a5 Bd8 36.g4 hxg4
37.Rxg4 Rxg4+ 38.hxg4 Be7 39.Rh3 Rg8 40.Rh4 Bd8 41.Kf3 Rg7 42.Rh8 Be7 43.Bh6 Rf7
44.Ke4 Kd7 45.c3 Bd8 46.b4 Bc7 47.Kd5 Re7 48.Bf8 Re8 49.Rh7+ Kc8 50.Bxd6 Bxd6
51.Kxd6 e4 52.Kxc5 e3 53.Rh1 Re4 54.Kd6 Kd8 55.Re1 Rxg4 56.Rxe3 Rxc4 57.Rh3 Ke8
58.Kd5 Rc6 59.c4 Kd8 60.Rh7 Kc8 61.Re7 Kb8 62.Re6  1-0

[Event "14th Sants Open A"]
[Site "Barcelona ESP"]
[Date "2012.08.22"]
[Round "6.15"]
[White "Blomqvist,E"]
[Black "Barbero Senidic,A"]
[Result "1/2-1/2"]
[WhiteElo "2454"]
[BlackElo "2373"]

1.e4 c5 2.Nc3 Nc6 3.Bb5 g6 4.Bxc6 bxc6 5.d3 Bg7 6.f4 d6 7.Nf3 Nf6 8.O-O O-O
9.Kh1 Rb8 10.Qe1 Bg4 11.b3 Nh5 12.Bd2 e5 13.f5 gxf5 14.exf5 Bxf5 15.Nxe5 Bxe5
16.Rxf5 Ng7 17.Rf3 f5 18.Bf4 Bd4 19.Rd1 Qf6 20.Ne2 Rbe8 21.Qf1 Be5 22.Bd2 Ne6
23.c3 Rf7 24.Qg1 Kh8 25.Rdf1 d5 26.Re1 Rg8 27.Ref1 Qg6 28.d4 cxd4 29.cxd4 Bd6
30.Rc3 Rfg7 31.Rf2 c5 32.Be3 f4 33.Nxf4 Nxf4 34.Bxf4 Bxf4 35.Rxf4 Qxg2+ 36.Qxg2 Rxg2
37.Rg3  1/2-1/2

[Event "11th Lichtenberger Sommer 2012"]
[Site "Berlin GER"]
[Date "2012.08.22"]
[Round "5.40"]
[White "Geissler,Felix"]
[Black "Meyer,U"]
[Result "1-0"]
[WhiteElo "1766"]
[BlackElo "2069"]

1.e4 c5 2.Nf3 Nc6 3.Nc3 g6 4.d4 cxd4 5.Nxd4 Bg7 6.Be3 d6 7.Bc4 a6 8.O-O Nf6
9.h3 Bd7 10.a4 Rc8 11.Qe2 e6 12.Rfd1 Qc7 13.Ncb5 axb5 14.Nxb5 Qa5 15.Nxd6+ Ke7
16.Nxb7 Qa8 17.Bc5+ Ke8 18.Nd6+ Kd8 19.Nxf7+ Ke8 20.Nd6+ Kd8 21.Nxc8 Kxc8
22.Ba6+ Kd8 23.e5 Nd5 24.Rxd5 exd5 25.Rd1 Ne7 26.e6 Bxa4 27.Qc4 Bc6 28.Qh4 Bf8
29.Bb6+ Ke8 30.Qf6  1-0

[Event "11th Lichtenberger Sommer 2012"]
[Site "Berlin GER"]
[Date "2012.08.22"]
[Round "5.19"]
[White "Badestein,H"]
[Black "Niehaus,F"]
[Result "0-1"]
[WhiteElo "2099"]
[BlackElo "2208"]

1.e4 c5 2.Nc3 Nc6 3.Bb5 Nd4 4.Bc4 g6 5.f4 Bg7 6.Nge2 e6 7.O-O Ne7 8.d3 O-O
9.Nxd4 cxd4 10.Ne2 d5 11.Bb3 dxe4 12.dxe4 b6 13.Ng3 Ba6 14.Rf3 Qd7 15.Bd2 d3
16.cxd3 Bxb2 17.Rb1 Bg7 18.Kh1 Rfd8 19.f5 Nc6 20.Bg5 Bxd3 21.Rc1 Ne5 22.fxe6 fxe6
23.Bxd8 Rxd8 24.Bc2 Nxf3 25.gxf3 Bh6 26.Rb1 Bxc2 27.Qxc2 Qd3 28.Qb3 Qxb3
29.Rxb3 Rd1+ 30.Kg2 Rd2+ 31.Kh3 Rxa2 32.Rc3 Bf4 33.Kg4 Be5 34.Rc8+ Kg7 35.Rd8 h5+
36.Kh3 a5 37.Rd7+ Kf6 38.Rd8 a4 39.Rf8+ Ke7  0-1

[Event "e2e4 Gatwick Masters A 2012"]
[Site "Crawley ENG"]
[Date "2012.08.22"]
[Round "8.5"]
[White "Roberson,P"]
[Black "Jackson,J"]
[Result "1-0"]
[WhiteElo "2295"]
[BlackElo "2126"]

1.e4 c5 2.Nc3 Nc6 3.Bb5 Na5 4.f4 a6 5.Be2 e6 6.Nf3 b5 7.O-O Bb7 8.d3 d6 9.Qe1 Ne7
10.Be3 Nac6 11.Kh1 Qa5 12.a3 Qc7 13.Rd1 b4 14.axb4 Nxb4 15.Qd2 g6 16.d4 Bg7
17.dxc5 dxc5 18.Bxc5 Nbc6 19.Bd6 Qd8 20.Qe3 O-O 21.Be5 Qc8 22.Bxg7 Kxg7 23.Na4 Qc7
24.Qc3+ Kg8 25.Ne5 Qa5 26.Qxa5 Nxa5 27.Nb6 Bxe4 28.Nxa8 Rxa8 29.Ra1 Nac6
30.Nxc6 Nxc6 31.Rxa6 Rb8 32.Ra4 f5 33.Bf3 Bxf3 34.gxf3 Rxb2 35.c4 Rc2 36.Rd1 Kf7
37.Rd6 Nb8 38.Ra7+ Kf6 39.Rb7  1-0

[Event "ch-FRA w 2012"]
[Site "Pau FRA"]
[Date "2012.08.22"]
[Round "8"]
[White "Milliet,S"]
[Black "Collas,S"]
[Result "0-1"]
[WhiteElo "2411"]
[BlackElo "2261"]

1.e4 c5 2.Nf3 Nc6 3.Nc3 g6 4.d4 cxd4 5.Nxd4 Bg7 6.Be3 Nf6 7.Bc4 Qa5 8.O-O O-O
9.Bb3 d6 10.h3 Bd7 11.Nf3 Qh5 12.Re1 Na5 13.Bg5 Nxb3 14.Ne2 Nxa1 15.Nf4 Qxg5
16.Nxg5 Nxc2 17.Qxc2 Bc6 18.Qd3 h6 19.Nf3 e5 20.Nxg6 fxg6 21.Qxd6 Rae8 22.Qc5 Kh7
23.Qc4 Nh5 24.Re3 Nf4 25.b4 a6 26.Nd2 Bb5 27.Qc5 Rc8 28.Qe7 Rc1+ 29.Kh2 Rc2
30.Nf3 Rxf2 31.Nh4 Bc4 32.Rg3 b5 33.Qd6 Rf6 34.Qc5 Ne6 35.Qa7 Ng5 36.Nxg6 Nf3+
37.Rxf3 R6xf3 38.Nxe5 Rf8 39.Ng4 R2f7 40.Qc5 Re8 41.e5 Re6 42.a3 Rf5 43.Qa7 Kg6
44.Qa8 h5 45.Nf6 Rexe5 46.Nd7 Re2 47.Qxa6+ Kh7 48.Kg3 Bd5 49.Kh4 Bd4 50.Nf8+ Rxf8
51.Kxh5 Re5+ 52.Kg4 Re6 53.Qxb5 Rg6+  0-1

[Event "12th ch-Euro Seniors"]
[Site "Kaunas LTU"]
[Date "2012.08.23"]
[Round "6.16"]
[White "Skuja,A"]
[Black "Levchenkov,V"]
[Result "1/2-1/2"]
[WhiteElo "2157"]
[BlackElo "2278"]

1.e4 c5 2.Nf3 Nc6 3.Nc3 g6 4.d4 cxd4 5.Nxd4 Bg7 6.Be3 Nf6 7.Bc4 O-O 8.Bb3 d6
9.f3 Bd7 10.Qd2 Nxd4 11.Bxd4 b5 12.O-O a5 13.a4 b4 14.Ne2 Bc6 15.c3 Rb8 16.c4 Nd7
17.Bd1 Nc5 18.b3 Ne6 19.Bxg7 Kxg7 20.Bc2 Qb6+ 21.Kh1 Qc5  1/2-1/2

[Event "EY Boys U16 2012"]
[Site "Prague CZE"]
[Date "2012.08.23"]
[Round "7.32"]
[White "De Vleeschauwer,M"]
[Black "Kisic,B"]
[Result "1-0"]
[WhiteElo "1996"]
[BlackElo "2065"]

1.e4 c5 2.Nc3 Nc6 3.Bb5 Na5 4.f4 a6 5.Be2 e6 6.Nf3 b5 7.O-O Bb7 8.d3 d6 9.Qe1 Qc7
10.Bd1 Nc6 11.f5 Ne5 12.Nxe5 dxe5 13.fxe6 fxe6 14.Bh5+ g6 15.Qf2 Bg7 16.Bg4 Bc8
17.Bg5 h6 18.Bh4 g5 19.Bh5+ Kd8 20.Bg3 Nf6 21.Qe2 Ke7 22.a4 Bd7 23.b3 Qd6
24.Bf2 Rhg8 25.h3 Bh8 26.Nd1 Be8 27.Bxe8 Raxe8 28.axb5 axb5 29.Ra7+ Nd7 30.Nc3 Qb6
31.Rfa1 b4 32.R1a6 Qd8 33.Bxc5+ Kf6 34.Bxb4 Kg6 35.Qg4 Nf6 36.Rxe6 Qd4+ 37.Kh2 Rxe6
38.Qf5+ Kh5 39.g4+ Kh4 40.Ne2  1-0